| 000 | aam a22 a 4500 | ||
|---|---|---|---|
| 999 |
_c2279 _d2279 |
||
| 003 | AKMAL | ||
| 005 | 20170516084730.0 | ||
| 008 | 170516s1979 nyu 00 eng d | ||
| 020 | _a0155944819 | ||
| 020 | _a0153117044 | ||
| 040 |
_aAKMAL _cAKMAL |
||
| 050 | 0 | 0 |
_aPE1112 _b.S24 |
| 082 | 0 | 4 | _a425 SAN |
| 090 | 2 | 0 |
_a425 _bSAN |
| 100 | 1 |
_aSanford, Adrian B _94791 |
|
| 245 | 1 | 0 |
_aUsing English : _bgrammar and writing skills / _cAdrian B. Sanford |
| 260 |
_aNew York : _bHarcourt Brace Jovanovich, _cc1979 |
||
| 300 | 0 | 0 |
_ax, 420 p ; _c21 cm |
| 650 | 0 |
_aEnglish language _xGrammar _y1950- _94782 |
|
| 942 |
_2ddc _cBOOK |
||